000
00239nam a2200097 4500
245
_a
Herman Melville
_c
by P.S. Sastri
100
_a
Sastri, P.S.
260
_a
Bombay
_b
Tata McGraw-Hill
_c
c1972
300
_a
99p. ; 22cm.
082
_a
913.3
_b
MEL/SAS
999
_c
1722
_d
1722